000
00276nam a22001217a 4500
008
170612b xxu||||| |||| 00| 0 eng d
041
_a
eng
080
_a
328
100
_a
19
101
_a
SHP
245
_a
THE BRITISH SYSTEM OF GOVERNMENT
_c
BIRCH.A.H
942
_2
udc
_c
BK
999
_c
17055
_d
17055